Brawlhalla Trivia - Statistics

General Stats
  • This quiz has been taken 22 times
  • The average score is 20 of 65
Answer Stats
Hint Answer % Correct
Who said "¡El Jaguar Pone Las Reglaaaass!!!" ? Tezca
69%
Who picked up a bow for the first time at the age of 537 ? Yumiko
63%
Who is described as gender-neutral in their lore ? Zariel
63%
Who killed a Shogun with their Shadow ? Jiro
56%
Who has a special handshake with Kor, that only they can do ? Rayman
56%
Which legend is normally 27 meters (90 feet) long ? Ragnir
50%
Who created Orion's armor ? Ulgrim
50%
Who is known for breaking down a big door ? Bödvar
44%
Who is wanted dead or alive for $5,000 ? Cassidy
44%
Who is from the planet Shinsekai ? Red Raptor
44%
Who has at least 15 titles to their name ? Sir Roland
44%
Who was created by the NBFC Automaton Lab ? Val
44%
Which legend is Mary Washington ? Artemis
38%
Who is the "One-Man Dynasty" ? Azoth
38%
Who carries Eba the Snake ? Queen Nai
38%
Who was sent to jail for 400 years ? Dusk
38%
Who is canonically the first legend in Valhalla ? Gnash
38%
Who was imprisonned for 4214 years ? Loki
38%
Which legend is Fatima Sabiq ? Mirage
38%
Who is a great Brawlball, Bombsketball, Volleybrawl and Dodgebomb player ? Thea
38%
Who rode a T-Rex into battle and fought for leadership of Thursday ? Xull
38%
Who was part of the Meyers Baby Food Corporation program ? Ada
31%
Who was born in Punjab ? Asuri
31%
Who was best friends with Leonardo da Vinci ? Ezio
31%
Who is the owner of the raven Yarra ? Ember
31%
Who creates earthquakes when jogging ? King Zuva
31%
Who is the son of the Governor-Tyrant of the Ice Planet Roldakk-9 ? Lord Vraxx
31%
Who is the only legend to have assassinated horses ? Lucien
31%
Who is the only legend to state their name ? Orion
31%
Who has a very strict shootout schedule ? Reno
31%
Who is made of meyeridium and tungsten ? Seven
31%
Who is a non-human orphan and worked as a debt collector ? Teros
31%
Which legend coined the term "Brawlhalla" ? Thor
31%
Who does Caspian call "Gramps" ? Volkov
31%
Who was Scarlet's partner during her expedition to the Andes ? Baron Von Evilstein
25%
Who killed Bob and set a building on fire ? Diana
25%
Who is actually named Bihui ? Imugi
25%
Who is in a techno-fantasy euro pop band with Ada, Ulgrim and Fait ? Isaiah
25%
Who earned three wishes by rescuing a unicorn-lion's soul ? Jaeyun
25%
Who collects lost mittens ? Kaya
25%
Who killed 3000 guards and a demon ? Koji
25%
Who ate his whole team during an expedition ? Mordex
25%
Which legend killed all but eleven of Queen Nai's gods ? Nix
25%
Who fought an army of 500 without drawing a single drop of blood ? Priya
25%
Who made Kor's hammer ? Sentinel
25%
Who lost an entire city and a ham sandwich after a bet ? Sidra
25%
Which legend has an official marriage license ? Thatch
25%
Which legend is actually named Dacia ? Arcadia
19%
Which legend was born in Los Angeles ? Barraza
19%
Who grew up in the shadows of Mt. Tragedy and stole the Scepter of Invincibility ? Jhala
19%
Who taught Thatch to tap into his deepest inner lunatic ? Lin Fei
19%
Who bit Zeus' foot off ? Mako
19%
Who mutilates people on a weekly basis ? Onyx
19%
Who teaches yoga ? Vector
19%
Who's the only legend that hasn't tried to kill Azoth (according to him) ? Vivi
19%
Who is an amateur platform mover ? Wu Shang
19%
Who can shoe an eight-legged horse ? Brynn
13%
Who dislikes the Pink Panther theme ? Caspian
13%
Who killed most of New York's wizards ? Cross
13%
Which legend is a professional poker player ? Fait
13%
Whose bounty was a thousand horses ? Hattori
13%
Who is unvanquished in a secret fight club ? Kor
13%
Who killed James Darrow in 1886 ? Magyar
13%
Who plays flying laser death chess ? Petra
13%
Who summoned trolls and then made them cry ? Munin
6%
No matching quizzes found
Score Distribution
Percent of People with Each Score
Percentile by Number Answered
Your Score History
You have not taken this quiz